000 00625nam a2200217Ia 4500
003 BUBTL
008 151213s9999 xx 000 0 und d
082 _a160/ T2229s/ 1996
100 _aTeays, Wanda
_94768
245 _aSecond thoughts :
_bcritical thinking from a multicultural perspective /
_cTeays, Wanda
250 _a1st Edn
260 _aCalifornia
_bMayfield pub.
_cc1996
300 _a[xxvii],484p. :
_b23 cm
500 _aIncludes Index
650 _aEnglish Language
650 _a
700 _aTeays, Wanda
_94768
856 _k0
_l0
_yDownload
942 _2ddc
_cBK
999 _c1281
_d1281